01182nam a2200289 a 450000100100000000500170001000800410002702000150006804000250008304100380010808200230014610000280016924000530019724501760025025000110042626000320043730000170046949000160048653400600050250000760056250400730063865000330071165000510074470000440079570000350083983000180087400002419120200930022808.0110120s1991 sp r 000 0 spa d a8474902274 aDO-SdBNPbspacBNPHU17aspaheng2Código de idioma MARC a261bG967ó, 19911 aGiussani, Luigi,d1922-10aAll'origine della pretesa cristiana.lEspañol.10aLos orígenes de la pretensión cristiana :bcurso básico de cristianismo /cLuigi Giussani ; traducción María José Rodríguez Fierro, Vicente Martín Pindado. a3a ed. aMadrid :bEncuentro,c1991. av. ;c24 cm.1 aEnsayosv55 aTítulo original:tAll'origine della pretesa cristiana aIncluye datos biográficos del autor en la solapa de la contracubierta aIncluye referencias bibliográficas y notas al pie de las páginas 4aAsistencia social católica 4aIglesiaxHistoriayPERÍODO PRIMITIVO, 30-6001 aRodríguez Fierro, María Joséetr.1 aMartín Pindado, Vicenteetr. 0aEnsayos ;v55